Basic managerial Skill for all (Record no. 421294)

MARC details
000 -LEADER
fixed length control field 00370nam a2200169Ia 4500
008 - FIXED-LENGTH DATA ELEMENTS--GENERAL INFORMATION
fixed length control field 230606s2019 xx 000 0 und d
041 ## - LANGUAGE CODE
Language code of text/sound track or separate title eng
100 ## - MAIN ENTRY--PERSONAL NAME
Personal name M c Grath
245 ## - TITLE STATEMENT
Title Basic managerial Skill for all
250 ## - EDITION STATEMENT
Edition statement 19th
260 ## - PUBLICATION, DISTRIBUTION, ETC.
Name of publisher, distributor, etc. P.H.I.
Date of publication, distribution, etc. 2019
300 ## - PHYSICAL DESCRIPTION
Extent 812p
500 ## - GENERAL NOTE
General note 2279
520 ## - SUMMARY, ETC.
Summary, etc. General
520 ## - SUMMARY, ETC.
Summary, etc. Hard Board
650 ## - SUBJECT ADDED ENTRY--TOPICAL TERM
Topical term or geographic name entry element G.SKILL

No items available.